Pačatak peralomu
| Titel: | Pačatak peralomu : Vilenski val'ny sojm 1563 h. na fone Infljanckaj vajny i ŭnutranych rėformaŭ u Vjalikim knjastve Litoŭskim |
|---|---|
| Verfasser: | |
| In: |
Parlamenckija struktury ŭlady ŭ sistėme dzjaržaŭnaha kiravannja Vjalikaha knjastva Litoŭskaha i Rėčy Paspalitaj u XV-XVIII stahoddzjach, (2008), Seite 80-90 alle Artikel anzeigen |
| Veröffentlicht: | 2008 |
| Format: | Aufsatz |
| Sprache: | Weißrussisch |
X
alg: 39250060 001A $01999:11-11-16 001B $03025:13-03-26 $t15:27:00.000 001D $01999:11-11-16 001U $0utf8 001X $00 002@ $0Aox 003@ $0392500604 007A $0392500604 $aHEB 007T $0Herdc0056615m 010@ $abel 011@ $a2008 021A $aPačatak peralomu $dVilenski val'ny sojm 1563 h. na fone Infljanckaj vajny i ŭnutranych rėformaŭ u Vjalikim knjastve Litoŭskim 027A $aOn the turn. Vilnia Diet of 1563 on the background of the Livonian War and domestic reforms in the Grand Duchy of Lithuania 028A $aJanuškevič $dAndrėj 031A $h80-90 $j2008 039B $aIn $8--Aax--. Parlamenckija struktury ŭlady ŭ sistėme dzjaržaŭnaha kiravannja Vjalikaha knjastva Litoŭskaha i Rėčy Paspalitaj u XV-XVIII stahoddzjach. - Minsk : BIP-S Pljus, 2008. - 356 S.. - ISBN 978-985-6836-81-0 $x200800000000000920 $9395418291 044K $RKrieg $#Livonskaja vojna $74167979-9 $8Livländischer Krieg [Ts1] $9085760803 045F $a351.09 $eDDC23BSB 045F/01 $a351.09 045F/03 $g4793 046C $aOn the turn. Vilnia Diet of 1563 on the background of the Livonian War and domestic reforms in the Grand Duchy of Lithuania $bÜbers. des Hauptsacht. lok: 39250060 78 exp: 39250060 78 1 #EPN 201B/01 $006-10-20 $t22:43:56.000 201U/01 $0utf8 203@/01 $0788598465 208@/01 $a11-11-16 $be 209A/01 $a/ $f000 $x00 220C/01 $aTitelaufnehmer: kh 220C/01 $aHerkunft: HI Marburg 244Z/01 $2Trx $#Litauen $#Lithuania $#Litwa $#Litva $#Litva $8--Trx--Lietuva $x01 $9391193457 244Z/01 $#Wilna $#Wilna Vilnius $#Wilnjus $#Wilno $#Vilna $#Vilni $#Wilniuje $#Wilna $#Vilniaus Miestas $#Vilniaus Miesto Savivaldybė $75057560-0 $8--Tg1--Vilnius $x02 $9044721684 244Z/01 $#Rzeczpospolita Obojga Narodów $#Litauen Großfürstentum $#Lietuva bis 1795 $#Wielkie Księstwo Litewskie $#Velikoe Knjažestvo Litovskoe $#Vjalikae Knjastva Litoŭskae $#Grossfürstentum Litauen $#Lietuvos Didžioji Kunigaikštystė $#LDK $74499060-1 $8--Tg1--Großfürstentum Litauen $x03 $9089174828 244Z/01 $#Liivimaa $#Vidzeme $#Livonija $#Vidzeme $#Livonia $#Inflanty $74036075-1 $8--Tg1--Livland $x04 $9085097721 244Z/01 $aGeschichte 1563 $x05 244Z/01 $2Trx $#sõda, liivi, 1558-1583 $#Livonijos karas 1558-1583 $#Livonian war 1558-1583 $#háború, Livóniai 1558-1583 $#wojna inflancka 1558-1583 $#vojna livónska 1558-1583 $#válka livonská 1558-1583 $8--Trx--Krieg, Livländischer$g1558-1583 $x06 $939135843X 244Z/01 $2Trx $#maapäevad $#kraštų seimai $#State assemblies $#parlamentek $#sejmy krajowe $#snemy zemské $#sněmy zemské $8--Trx--Landtage $x07 $9391359215 244Z/01 $2Trx $#reformid $#reformos $#reforms $#reformok $#reformy $#reformy $#reformy $8--Trx--Reformen $x08 $9391360647 244Z/01 $2Trx $8--Trx--Einzelbeiträge $x09 $9391384570 245Z/01 $a13.03 $x01 245Z/01 $a07.01 $x02 247C/01 $82080>Marburg/Lahn, Herder-Institut, Forschungsbibliothek, Bibliographieportal $9336309341
| LEADER | 00000caa a22000002c 4500 | ||
|---|---|---|---|
| 001 | 392500604 | ||
| 003 | DE-603 | ||
| 005 | 20260313152700.0 | ||
| 007 | tu | ||
| 008 | 161111s2008 xx |||| | u00||u|bel c | ||
| 035 | |a (DE-599)HEB392500604 | ||
| 040 | |a DE-603 |b ger |c DE-603 |d DE-603 | ||
| 041 | |a bel | ||
| 082 | 0 | 4 | |8 1\u |a 351.09 |q DE-101 |2 23/BSB |
| 085 | |8 1\u |b 351.09 | ||
| 085 | |8 1\u |z 2 |s 4793 | ||
| 100 | 1 | |a Januškevič, Andrėj | |
| 245 | 0 | 0 | |a Pačatak peralomu |b Vilenski val'ny sojm 1563 h. na fone Infljanckaj vajny i ŭnutranych rėformaŭ u Vjalikim knjastve Litoŭskim |
| 246 | 1 | |i Übers. des Hauptsacht. |a On the turn. Vilnia Diet of 1563 on the background of the Livonian War and domestic reforms in the Grand Duchy of Lithuania | |
| 246 | 1 | 3 | |a On the turn. Vilnia Diet of 1563 on the background of the Livonian War and domestic reforms in the Grand Duchy of Lithuania |
| 264 | 0 | |c 2008 | |
| 650 | 7 | |a Livländischer Krieg |0 (DE-588)4167979-9 |0 (DE-603)085760803 |2 gnd | |
| 773 | 0 | 8 | |i In |t Parlamenckija struktury ŭlady ŭ sistėme dzjaržaŭnaha kiravannja Vjalikaha knjastva Litoŭskaha i Rėčy Paspalitaj u XV-XVIII stahoddzjach |d Minsk : BIP-S Pljus, 2008 |h 356 S. |z 9789856836810 |g (2008), Seite 80-90 |w (DE-603)395418291 |
| 924 | 0 | |9 2080 |a (DE-603)788598465 |b DE-2080 |c HES |d d |g / | |


